000
00231 a2200097 4500
020
_a
9781412747356
041
_a
spa
100
_a
Zanoza, Melanie
245
_a
La casa de mickey mouse, busca y encuentra las diferencias
942
_c
BK
999
_c
30903
_d
30901